000 00808nam a2200265Ia 4500
003 OSt
005 20220912144928.0
006 a|||||r|||| 00| 0
007 ta
008 220909b |||||||| |||| 00| 0 eng d
024 _a68216
037 _cTextual
040 _aCSL
_beng
_cCSL
041 _aeng
082 _aD65,8(2:55):(E), L3
100 _aArnett Edward Mcc Ed.
245 0 _aComputer-based chemical information
260 _aNew York
_bMarcel Dekker
_c1973
300 _aix,217p.
_ccm.
490 _aBooks in library and information science a series of monographs and textbooks; 4
650 _aInformation engineering
700 _a Kent Allen Ed.
942 _hD65,8(2:55):(E), L3
_cTEXL
_2CC
999 _c19276
_d19276